A first quide to making models

Bibliographic Details
Main Author: Daina, Craig
Format: Book
Published: Singapore : A quarto book , 1992
Subjects:

MARC

LEADER 00000cam a2200000 7i4500
001 0000016901
005 20080502.0
008 080502
020 |a 0199100446 
090 0 0 |a 745.5   |b CRA 
100 1 |a Daina, Craig 
245 1 0 |a A first quide to making models   |c Diana Craig 
260 |a Singapore :   |b A quarto book ,   |c 1992 
650 0 |a Handicraft   |x Decorative arts 
650 0 |a Papier mache   |x Techniques 
999 |a 0000605686   |b Book   |c Adult Collection   |e Cawangan Pontian 
999 |a 0000605691   |b Book   |c Adult Collection   |e Cawangan Mersing 
999 |a 0000770136   |b Book   |c Adult Collection   |e Cawangan Bandar Penawar 
999 |a 0000775489   |b Book   |c Adult Collection   |e Cawangan Pontian 
999 |a 0000795107   |b Book   |c Adult Collection   |e Cawangan Mersing 
999 |a 0001013809   |b Book   |c Adult Collection   |e Cawangan Muar 
999 |a 0001013810   |b Book   |c Adult Collection   |e Perbadanan Perpustakaan Awam Johor